000 00806cam a22002531 4500
001 4540
003 BD-RjUL
005 20211208233917.0
008 131222s1960 ctu 000 0 eng
035 _a(BD-RjUL)4575
040 _aDLC
_cDLC
_dDLC
_dBD-RjUL
_beng
041 _aeng
082 0 0 _a338.91
_bMYB 1960
100 1 _aMyrdal, Gunnar,
_d1898-1987.
_95787
245 1 0 _aBeyond the welfare state :
_beconomic planning and its international implications /
_cGunnar Myrdal.
260 _aNew York :
_bUniversity Paperbacks,
_c1960.
300 _a214 p.
_c23 cm.
490 0 _aYale Law School. Storrs lectures on jurisprudence, 1958
650 0 _aInternational economic relations.
_914344
650 0 _aEconomic policy.
_914345
942 _2ddc
_cBK
_013
999 _c4540
_d4540